Beijing 95: mujer y desarrollo sostenible /

Guardat en:
Dades bibliogràfiques
Autor principal: Barahona Montero, Manuel Antonio
Altres autors: Montero Cabezas, Sary
Format: Text
Matèries:
Etiquetes: Afegir etiqueta
Sense etiquetes, Sigues el primer a etiquetar aquest registre!

MARC

LEADER 00000 a a2200000 04500
001 7453
003
040
100 |a Barahona Montero, Manuel Antonio  
245 |a Beijing 95:   |b mujer y desarrollo sostenible /  |c Manuel Antonio Barahona Montero 
650 |a PARTICIPACION DE LA MUJER  
650 |a LEGISLACION  
650 |a DESARROLLO SUSTENTABLE  
700 |a Montero Cabezas, Sary  
773 |g número 5; páginas 35-44  
999 |c 22770  |d 22770